Микроструктура покрытия на основе алюминидов никеля, полученного методом магнетронного напыления сборных мишеней; Современные технологии и материалы новых поколений

Sonraí bibleagrafaíochta
Parent link:Современные технологии и материалы новых поколений.— 2017.— [С. 210-211]
Príomhchruthaitheoir: Гирш А. В.
Údar corparáideach: Новосибирский государственный технический университет (НГТУ)
Rannpháirtithe: Огнева Т. С.
Achoimre:Заглавие с экрана
Teanga:Rúisis
Foilsithe / Cruthaithe: 2017
Sraith:Функциональные материалы и покрытия
Ábhair:
Rochtain ar líne:http://earchive.tpu.ru/handle/11683/43690
Formáid: MixedMaterials Leictreonach Caibidil leabhair
KOHA link:https://koha.lib.tpu.ru/cgi-bin/koha/opac-detail.pl?biblionumber=624110

MARC

LEADER 00000naa2a2200000 4500
001 624110
005 20231101133309.0
035 |a (RuTPU)RU\TPU\conf\23323 
035 |a RU\TPU\conf\23319 
090 |a 624110 
100 |a 20171031d2017 k y0rusy50 ca 
101 0 |a rus  |e rus 
102 |a RU 
105 |a y z 101zy 
135 |a drcn ---uucaa 
181 0 |a i  
182 0 |a b 
200 1 |a Микроструктура покрытия на основе алюминидов никеля, полученного методом магнетронного напыления сборных мишеней  |f А. В. Гирш, Т. С. Огнева 
203 |a Текст  |c электронный 
225 1 |a Функциональные материалы и покрытия 
230 |a 1 компьютерный файл (pdf; 367 Кб) 
300 |a Заглавие с экрана 
320 |a [Библиогр.: с. 211 (4 назв.)] 
463 0 |0 (RuTPU)RU\TPU\conf\23187  |t Современные технологии и материалы новых поколений  |o сборник трудов Международной конференции с элементами научной школы для молодежи, г. Томск, 9-13 октября 2017 г.  |f Национальный исследовательский Томский политехнический университет (ТПУ) ; Российская академия наук (РАН), Сибирское отделение (СО), Институт физики прочности и материаловедения (ИФПМ)  |v [С. 210-211]  |d 2017 
610 1 |a электронный ресурс 
610 1 |a микроструктуры 
610 1 |a покрытия 
610 1 |a алюминиды никеля 
610 1 |a магнетронные напыления 
610 1 |a мишени 
610 1 |a защитные покрытия 
610 1 |a интерметаллидные соединения 
610 1 |a рентгенофазовый анализ 
700 1 |a Гирш  |b А. В. 
701 1 |a Огнева  |b Т. С. 
712 0 2 |a Новосибирский государственный технический университет (НГТУ)  |c (1992- )  |2 stltpush  |3 (RuTPU)RU\TPU\col\36 
801 2 |a RU  |b 63413507  |c 20171103  |g RCR 
856 4 |u http://earchive.tpu.ru/handle/11683/43690 
942 |c BK